LIBRARY & INFORMATION CENTRE, KCAET, TAVANUR

ONLINE PUBLIC ACCESS CATALOGUE (OPAC)

Farm machinery / (Record no. 5452)

MARC details
000 -LEADER
fixed length control field 00351cam a2200157ua 4500
041 ## - LANGUAGE CODE
Language code of text/sound track or separate title eng
082 ## - DEWEY DECIMAL CLASSIFICATION NUMBER
Classification number 631.3
Item number OAT/FA
100 ## - MAIN ENTRY--AUTHOR NAME
Personal name Oates, J .
245 ## - TITLE STATEMENT
Title Farm machinery /
250 ## - EDITION STATEMENT
Edition statement 1 /
260 ## - PUBLICATION, DISTRIBUTION, ETC. (IMPRINT)
Place of publication London :
Name of publisher Longman ,
Year of publication 1967.
300 ## - PHYSICAL DESCRIPTION
Number of Pages 95 ; .
942 ## - ADDED ENTRY ELEMENTS (KOHA)
Koha item type Books
Holdings
Withdrawn status Lost status Damaged status Home library Current library Date acquired Full call number Accession Number Koha item type
      KAUAET KAUAET 07/04/2012 631.3 12607 Books
free website counter